000 00332 a2200157 4500
001 45145
020 _a8530502280
040 _cAnchieta - Aquarius
100 _aBelinky, Tatiana
240 1 0 _aDiversidade
_lpor
245 1 0 _aDiversidade
300 _a35
362 0 _a1999
650 4 _aLiteratura infanto-juvenil
942 _cBK
999 _c45145
_d45145